التغذية و عناصرها / (Record no. 64646)

MARC details
000 -LEADER
fixed length control field 00488nam a22001697a 4500
005 - DATE AND TIME OF LATEST TRANSACTION
control field 20251108171851.0
008 - FIXED-LENGTH DATA ELEMENTS--GENERAL INFORMATION
fixed length control field 250721s1982 xx 000 0 ara d
082 14 - DEWEY DECIMAL CLASSIFICATION NUMBER
Classification number ط/م/641.1/تغذ
245 10 - TITLE STATEMENT
Title التغذية و عناصرها /
264 1# - PRODUCTION, PUBLICATION, DISTRIBUTION, MANUFACTURE, AND COPYRIGHT NOTICE
Place of production, publication, distribution, manufacture بيروت :
Name of producer, publisher, distributor, manufacturer شركة إنماء النشر و التسويق،
Date of production, publication, distribution, manufacture, or copyright notice 1982.
300 ## - PHYSICAL DESCRIPTION
Extent 160ص : مص
490 0# - SERIES STATEMENT
Series statement كتاب المعرفة
650 17 - SUBJECT ADDED ENTRY--TOPICAL TERM
Topical term or geographic name as entry element الغذاء
650 17 - SUBJECT ADDED ENTRY--TOPICAL TERM
Topical term or geographic name as entry element التغذية
942 ## - ADDED ENTRY ELEMENTS (KOHA)
Source of classification or shelving scheme Dewey Decimal Classification
Koha item type Books
Holdings
حالة السحب حالة الفقدان مصدر التصنيف حالة التلف غير قابل للإعارة المكتبة الرئيسية المكتبة الحالية موقع الرف تاريخ التزويد الرقم المتسلسل Total Checkouts رقم الإستدعاء تاريخ آخر ظهور تاريخ الفاتورة نوع المادة (كوها)
    Dewey Decimal Classification Unchecked   مكتبة الحسن العامة مكتبة الحسن العامة الأطفال 06/07/2004 1517   ط/م/641.1/تغذ 28/07/2025 06/07/2004 Books
Implemented & Customized by: BBB with SCIT (Smart Chains for Information Technology)

Powered by Koha